1980's Hits 2 - Statistics

General Stats
  • This quiz has been taken 35 times
  • The average score is 4 of 15
Answer Stats
Hint Answer % Correct
How Will I Know (1987) Whitney Houston
85%
Live To Tell (1986) Madonna
65%
So Macho (1986) Sinitta
31%
Working My Way Back To You (1980) Detroit Spinners
23%
Beat Surrender (1982) Jam
23%
Nothing Can Divide Us (1989) Jason Donovan
23%
Solid (1985) Ashford And Simpson
19%
You Think You're A Man (1984) Divine
19%
Mirror Mirror (Mon Amour) (1981) Dollar
19%
Seven Tears (1982) Goombay Dance Band
19%
Calling All The Heroes (1986) It Bites
19%
Come Live With Me (1983) Heaven 17
15%
Turn It Into Love (1988) Hazell Dean
12%
Deutscher Girls (1982) Adam And The Ants
8%
Dear John (1982) Status Quo
8%
No matching quizzes found
Score Distribution
Percent of People with Each Score
Percentile by Number Answered
Your Score History
You have not taken this quiz